UK Towns Quiz - Denbighshire - Wales - Statistics

General Stats
  • This quiz has been taken 47 times
  • The average score is 8 of 14
Answer Stats
Clue Population Town % Correct
D 8,073 Denbigh
100%
R 26,992 Rhyl
100%
P 16,680 Prestatyn
97%
R 5,696 Ruthin
97%
S 3,485 St Asaph
83%
L 3,049 Llangollen
73%
R 3,796 Rhuddlan
67%
T 924 Trefnant
50%
B 1,784 Bodelwyddan
47%
D 2,038 Dyserth
47%
H 853 Henllan
37%
M 2,004 Meliden
30%
C 609 Cynwyd
7%
N 530 Nant-y-Patrick
3%
No matching quizzes found
Score Distribution
Percent of People with Each Score
Percentile by Number Answered
Your Score History
You have not taken this quiz